All of Ariana grande's album tracks - Statistics

General Stats
  • This quiz has been taken 28 times
    22 since last reset
  • The average score is 130 of 152
Answer Stats
Hint Answer % Correct
Positions (Deluxe) 34+35
100%
Positions (Deluxe) 34+35 remix
100%
thank u, next 7 rings
100%
k bye for now (swt live) 7 rings - live
100%
Dangerous Woman Bad Decisions
100%
thank u, next bad idea
100%
k bye for now (swt live) bad idea - live
100%
thank u, next bloodline
100%
thank u, next break up with your girlfriend, i’m bored
100%
k bye for now (swt live) break up with your girlfriend, I’m bored - live
100%
eternal sunshine deluxe: brighter days ahead bye
100%
Dangerous Woman Everyday
100%
Sweetener God is a woman
100%
k bye for now (swt live) god is a woman - live
100%
Yours Truly Honeymoon Avenue
100%
thank u, next imagine
100%
Dangerous Woman Into You
100%
Christmas & Chill | My Everything (10th Anniversary Edition) Intro
100%
eternal sunshine deluxe: brighter days ahead intro (end of the world)
100%
eternal sunshine deluxe: brighter days ahead intro (end of the world) - extended
100%
My Everything (10th Anniversary Edition) Love Me Harder
100%
k bye for now (swt live) love me harder - live
100%
Dangerous Woman Moonlight
100%
My Everything (10th Anniversary Edition) My Everything
100%
Positions (Deluxe) my hair
100%
thank u, next NASA
100%
k bye for now (swt live) nasa - live
100%
Positions (Deluxe) nasty
100%
thank u, next needy
100%
k bye for now (swt live) needy - live
100%
Sweetener no tears left to cry
100%
k bye for now (swt live) no tears left to cry - live
100%
My Everything (10th Anniversary Edition) One Last Time
100%
Sweetener Pete davidson
100%
Positions (Deluxe) positions
100%
Positions (Deluxe) pov
100%
My Everything (10th Anniversary Edition) Problem
100%
Dangerous Woman Side To Side
100%
k bye for now (swt live) side to side - live
100%
Sweetener sweetener
100%
k bye for now (swt live) sweetener - live
100%
thank u, next thank u, next
100%
k bye for now (swt live) thank u, next - live
100%
eternal sunshine deluxe: brighter days ahead the boy is mine
100%
Sweetener the light is coming
100%
k bye for now (swt live) the light is coming - live
100%
Dangerous Woman Touch It
100%
eternal sunshine deluxe: brighter days ahead we can't be friends (wait for your love)
100%
eternal sunshine deluxe: brighter days ahead yes, and?
100%
Yours Truly Almost Is Never Enough
88%
Yours Truly Baby I
88%
My Everything (10th Anniversary Edition) Bang Bang
88%
Dangerous Woman Be Alright
88%
k bye for now (swt live) be alright - live
88%
Sweetener blazed
88%
Sweetener borderline
88%
My Everything (10th Anniversary Edition) Break Free
88%
k bye for now (swt live) break free - live
88%
Sweetener breathin
88%
k bye for now (swt live) breathin - live
88%
eternal sunshine deluxe: brighter days ahead dandelion
88%
Dangerous Woman Dangerous Woman
88%
k bye for now (swt live) dangerous woman - live
88%
Yours Truly Daydreamin'
88%
eternal sunshine deluxe: brighter days ahead don't wanna break up again
88%
eternal sunshine deluxe: brighter days ahead eternal sunshine
88%
Sweetener everytime
88%
k bye for now (swt live) everytime - live
88%
thank u, next fake smile
88%
k bye for now (swt live) fake smile - live
88%
Sweetener get well soon
88%
k bye for now (swt live) get well soon - live
88%
thank u, next ghostin
88%
Sweetener goodnight n go
88%
k bye for now (swt live) goodnight n go - live
88%
eternal sunshine deluxe: brighter days ahead Hampstead
88%
Dangerous Woman I Don't Care
88%
eternal sunshine deluxe: brighter days ahead imperfect for you
88%
thank u, next in my head
88%
k bye for now (swt live) in my head interlude - live
88%
Dangerous Woman Jason's Song (Gave It Away)
88%
Positions (Deluxe) just like magic
88%
Dangerous Woman Leave Me Lonely
88%
Dangerous Woman Let Me Love You
88%
Positions (Deluxe) love language
88%
thank u, next make up
88%
k bye for now (swt live) make up - live
88%
Positions (Deluxe) motive
88%
Positions (Deluxe) obvious
88%
Positions (Deluxe) off the table
88%
eternal sunshine deluxe: brighter days ahead ordinary things (feat. Nonna)
88%
eternal sunshine deluxe: brighter days ahead past life
88%
Yours Truly Piano
88%
Yours Truly Popular Song
88%
Sweetener raindrops (an angel cried)
88%
k bye for now (swt live) raindrops (an angel cried) - live
88%
Sweetener R.E.M
88%
k bye for now (swt live) r.e.m - live
88%
Yours Truly Right There
88%
k bye for now (swt live) right there - live
88%
Positions (Deluxe) safety net
88%
Positions (Deluxe) shut up
88%
Dangerous Woman Sometimes
88%
Sweetener successful
88%
k bye for now (swt live) successful - live
88%
eternal sunshine deluxe: brighter days ahead supernatural
88%
Yours Truly Tattooed Heart
88%
k bye for now (swt live) tattooed heart - live
88%
Yours Truly The Way
88%
Dangerous Woman Thinking Bout You
88%
eternal sunshine deluxe: brighter days ahead true story
88%
eternal sunshine deluxe: brighter days ahead twilight zone
88%
Yours Truly You'll Never Know
88%
k bye for now (swt live) you'll never know - live
88%
My Everything (10th Anniversary Edition) Be My Baby
75%
My Everything (10th Anniversary Edition) Best mistake
75%
Sweetener better off
75%
My Everything (10th Anniversary Edition) Cadillac Song
75%
Dangerous Woman Greedy
75%
Dangerous Woman Knew Better / Forever Boy
75%
Christmas Kisses Santa Baby
75%
eternal sunshine deluxe: brighter days ahead Saturn Returns Interlude
75%
Positions (Deluxe) six thirty
75%
Positions (Deluxe) someone like u - interlude
75%
Dangerous Woman Step On Up
75%
Positions (Deluxe) test drive
75%
eternal sunshine deluxe: brighter days ahead warm
75%
Positions (Deluxe) west side
75%
My Everything (10th Anniversary Edition) Why Try
75%
Yours Truly Better Left Unsaid
63%
My Everything (10th Anniversary Edition) Break Your Heart Right Back
63%
k bye for now (swt live) break your heart right back - live
63%
My Everything (10th Anniversary Edition) Hands On Me
63%
eternal sunshine deluxe: brighter days ahead i wish i hated you
63%
My Everything (10th Anniversary Edition) Just A Little Bit Of Your Heart
63%
Christmas Kisses Last Christmas
63%
Yours Truly Lovin' It
63%
Positions (Deluxe) main thing
63%
My Everything (10th Anniversary Edition) Only 1
63%
k bye for now (swt live) only 1 - live
63%
Positions (Deluxe) worst behavior
63%
My Everything (10th Anniversary Edition) You Don't Know me
63%
Christmas & Chill Winter Things
50%
Christmas & Chill December
38%
Christmas Kisses Love Is Everything
38%
Christmas Kisses Snow In California
38%
My Everything (10th Anniversary Edition) Too Close
38%
Christmas & Chill True Love
38%
Christmas & Chill Wit It This Christmas
38%
k bye for now (swt live) my heart belongs to daddy - live
25%
Christmas & Chill Not Just On Christmas
25%
No matching quizzes found
Score Distribution
Percent of People with Each Score
Percentile by Number Answered
Your Score History
You have not taken this quiz since the last reset